Semblanza de la Ley Orgánica sobre Organización del Poder Judicial a través de la Ciencia y de la Historia (Record no. 106892)

MARC details
000 -LEADER
campo de control de longitud fija 00650nam a2200157 4500
001 - NÚMERO DE CONTROL
campo de control 106892
003 - IDENTIFICADOR DE NÚMERO DE CONTROL
campo de control ES-MaACL
005 - FECHA Y HORA DE LA ÚLTIMA TRANSACCIÓN
campo de control 20230906184313.0
007 - CAMPO FIJO DE DESCRIPCIÓN FÍSICA--INFORMACIÓN GENERAL
campo de control de longitud fija t|
008 - DATOS DE LONGITUD FIJA--INFORMACIÓN GENERAL
campo de control de longitud fija 061121s1970 sp r ||||1| spa d
100 1# - ENTRADA PRINCIPAL--NOMBRE DE PERSONA
Nombre de persona Moreno Moncholi, Miguel.
9 (RLIN) 83406
245 10 - MENCIÓN DEL TÍTULO
Título Semblanza de la Ley Orgánica sobre Organización del Poder Judicial a través de la Ciencia y de la Historia
Resto del título : discurso por Miguel Moncholi Moreno con motivo del I Centenario de la Ley Orgánica del Poder Judicial /
Mención de responsabilidad, etc. Miguel Moncholi Moreno.
260 ## - PUBLICACIÓN, DISTRIBUCIÓN, ETC.
Lugar de publicación, distribución, etc. Madrid :
Nombre del editor, distribuidor, etc. Presidencia del Tribunal Supemo,
Fecha de publicación, distribución, etc. 1970.
300 ## - DESCRIPCIÓN FÍSICA
Extensión 23 p. ;
Dimensiones 24 cm.
852 ## - LOCALIZACIÓN
Ubicación ES-MaACL
Número de control de estantería 2075-F-28
Sublocalización o colección R.74892
Holdings
Estatus retirado Estado de pérdida Estado de daño No para préstamo Colección Biblioteca de origen Biblioteca actual Ubicación en estantería Fecha de adquisición Fuente de adquisición Total de préstamos Signatura topográfica completa Código de barras Visto por última vez Precio de reemplazo Tipo de ítem Koha
        Colección de folletos Biblioteca del Ateneo de Madrid Biblioteca del Ateneo de Madrid Depósito folletos 17/01/2008     2075-F-28 1111573 23/02/2023 23/02/2023 Folleto